<?xml version="1.0" encoding="UTF-8"?>
<record
    xmlns:xsi="http://www.w3.org/2001/XMLSchema-instance"
    xsi:schemaLocation="http://www.loc.gov/MARC21/slim http://www.loc.gov/standards/marcxml/schema/MARC21slim.xsd"
    xmlns="http://www.loc.gov/MARC21/slim">

  <leader>02386ngm a2200433   4500</leader>
  <controlfield tag="003">dpl</controlfield>
  <controlfield tag="005">2008112003073.0</controlfield>
  <controlfield tag="007">DVD </controlfield>
  <controlfield tag="008">||||||sp199   xxu|||||c |||  00| 0 ng d </controlfield>
  <datafield tag="010" ind1=" " ind2=" ">
    <subfield code="a">DVD-001247-1249 &amp; DVD-004558-4560</subfield>
  </datafield>
  <datafield tag="024" ind1=" " ind2=" ">
    <subfield code="a">SHE DVD 203</subfield>
    <subfield code="c">169.00</subfield>
  </datafield>
  <datafield tag="035" ind1=" " ind2=" ">
    <subfield code="a">DVD-001247-1249</subfield>
  </datafield>
  <datafield tag="035" ind1=" " ind2=" ">
    <subfield code="a">DVD-004558-4560</subfield>
  </datafield>
  <datafield tag="040" ind1=" " ind2=" ">
    <subfield code="a">DPL</subfield>
    <subfield code="c">DPL</subfield>
  </datafield>
  <datafield tag="082" ind1=" " ind2=" ">
    <subfield code="a">DVD / DOBI</subfield>
  </datafield>
  <datafield tag="245" ind1=" " ind2=" ">
    <subfield code="a">Do Bigha Zamin</subfield>
    <subfield code="c">Bomal Roy Production Presents</subfield>
    <subfield code="h">[videorecording] DVD/</subfield>
  </datafield>
  <datafield tag="260" ind1=" " ind2=" ">
    <subfield code="b">Shemaroo Video Pvt. Ltd.</subfield>
  </datafield>
  <datafield tag="300" ind1=" " ind2=" ">
    <subfield code="a">1 videodisc DVD; (119 min.) :</subfield>
    <subfield code="b">sd., col. ;</subfield>
    <subfield code="c">4 3/4 in.</subfield>
    <subfield code="f">DVD</subfield>
  </datafield>
  <datafield tag="440" ind1=" " ind2=" ">
    <subfield code="a">Shemaroo Home Entertainment</subfield>
  </datafield>
  <datafield tag="500" ind1=" " ind2=" ">
    <subfield code="a">Digitally Re-Mastered From the Original Film</subfield>
  </datafield>
  <datafield tag="500" ind1=" " ind2=" ">
    <subfield code="a">Interactive Menus of Songs and Scenes for Easy Access</subfield>
  </datafield>
  <datafield tag="538" ind1=" " ind2=" ">
    <subfield code="a">Dolby Digital 5.1 - Hindi Subtitles: English</subfield>
  </datafield>
  <datafield tag="650" ind1=" " ind2=" ">
    <subfield code="a">Motion Picture</subfield>
  </datafield>
  <datafield tag="700" ind1=" " ind2=" ">
    <subfield code="a">Roy, Bimal</subfield>
  </datafield>
  <datafield tag="700" ind1=" " ind2=" ">
    <subfield code="a">Chaudhary, Salil</subfield>
  </datafield>
  <datafield tag="700" ind1=" " ind2=" ">
    <subfield code="a">Sahni, Balraj</subfield>
  </datafield>
  <datafield tag="700" ind1=" " ind2=" ">
    <subfield code="a">Roy, Nirupa</subfield>
  </datafield>
  <datafield tag="700" ind1=" " ind2=" ">
    <subfield code="a">Ratan Kumar</subfield>
  </datafield>
  <datafield tag="700" ind1=" " ind2=" ">
    <subfield code="a">Murad</subfield>
  </datafield>
  <datafield tag="942" ind1=" " ind2=" ">
    <subfield code="c">CF</subfield>
    <subfield code="2">ddc</subfield>
    <subfield code="h">DVD</subfield>
    <subfield code="m">DOBI</subfield>
  </datafield>
  <datafield tag="999" ind1=" " ind2=" ">
    <subfield code="c">18867</subfield>
    <subfield code="d">18867</subfield>
  </datafield>
  <datafield tag="952" ind1=" " ind2=" ">
    <subfield code="0">0</subfield>
    <subfield code="1">0</subfield>
    <subfield code="2">ddc</subfield>
    <subfield code="4">0</subfield>
    <subfield code="7">0</subfield>
    <subfield code="a">L</subfield>
    <subfield code="b">L</subfield>
    <subfield code="d">2008-11-20</subfield>
    <subfield code="e">Purchase</subfield>
    <subfield code="g">169.00</subfield>
    <subfield code="l">69</subfield>
    <subfield code="m">2</subfield>
    <subfield code="o">DVD DOBI</subfield>
    <subfield code="p">DVD-001247</subfield>
    <subfield code="r">2017-09-13 00:00:00</subfield>
    <subfield code="s">2017-08-30</subfield>
    <subfield code="t">1</subfield>
    <subfield code="v">169.00</subfield>
    <subfield code="w">2008-11-20</subfield>
    <subfield code="y">CF</subfield>
  </datafield>
  <datafield tag="952" ind1=" " ind2=" ">
    <subfield code="0">0</subfield>
    <subfield code="1">0</subfield>
    <subfield code="2">ddc</subfield>
    <subfield code="4">0</subfield>
    <subfield code="7">0</subfield>
    <subfield code="a">ZLS</subfield>
    <subfield code="b">ZLS</subfield>
    <subfield code="d">2008-11-20</subfield>
    <subfield code="e">Purchase</subfield>
    <subfield code="g">169.00</subfield>
    <subfield code="l">30</subfield>
    <subfield code="o">DVD DOBI</subfield>
    <subfield code="p">DVD-001248</subfield>
    <subfield code="r">2015-07-02 00:00:00</subfield>
    <subfield code="s">2015-07-02</subfield>
    <subfield code="t">1</subfield>
    <subfield code="v">169.00</subfield>
    <subfield code="w">2008-11-20</subfield>
    <subfield code="y">CF</subfield>
  </datafield>
  <datafield tag="952" ind1=" " ind2=" ">
    <subfield code="0">0</subfield>
    <subfield code="1">0</subfield>
    <subfield code="2">ddc</subfield>
    <subfield code="4">0</subfield>
    <subfield code="7">0</subfield>
    <subfield code="a">BL1</subfield>
    <subfield code="b">BL1</subfield>
    <subfield code="d">2008-11-20</subfield>
    <subfield code="e">Purchase</subfield>
    <subfield code="g">169.00</subfield>
    <subfield code="l">30</subfield>
    <subfield code="m">1</subfield>
    <subfield code="o">DVD DOBI</subfield>
    <subfield code="p">DVD-001249</subfield>
    <subfield code="r">2013-01-07 00:00:00</subfield>
    <subfield code="s">2013-01-05</subfield>
    <subfield code="t">1</subfield>
    <subfield code="v">169.00</subfield>
    <subfield code="w">2008-11-20</subfield>
    <subfield code="y">CF</subfield>
  </datafield>
  <datafield tag="952" ind1=" " ind2=" ">
    <subfield code="0">0</subfield>
    <subfield code="1">0</subfield>
    <subfield code="2">ddc</subfield>
    <subfield code="4">0</subfield>
    <subfield code="7">0</subfield>
    <subfield code="a">JP</subfield>
    <subfield code="b">JP</subfield>
    <subfield code="d">2009-11-13</subfield>
    <subfield code="e">Pioneers/885/29-10-09/325/13-10-09 /06-11-09 </subfield>
    <subfield code="g">169.00</subfield>
    <subfield code="l">22</subfield>
    <subfield code="m">3</subfield>
    <subfield code="o">DVD DOBI</subfield>
    <subfield code="p">DVD-004558</subfield>
    <subfield code="r">2014-08-20 00:00:00</subfield>
    <subfield code="s">2014-07-25</subfield>
    <subfield code="t">1</subfield>
    <subfield code="v">169.00</subfield>
    <subfield code="w">2009-11-13</subfield>
    <subfield code="y">CF</subfield>
  </datafield>
  <datafield tag="952" ind1=" " ind2=" ">
    <subfield code="0">0</subfield>
    <subfield code="1">0</subfield>
    <subfield code="2">ddc</subfield>
    <subfield code="4">0</subfield>
    <subfield code="7">0</subfield>
    <subfield code="a">RKP</subfield>
    <subfield code="b">RKP</subfield>
    <subfield code="d">2009-11-13</subfield>
    <subfield code="e">Pioneers/885/29-10-09/325/13-10-09 /06-11-09 </subfield>
    <subfield code="g">169.00</subfield>
    <subfield code="l">4</subfield>
    <subfield code="o">DVD DOBI</subfield>
    <subfield code="p">DVD-004559</subfield>
    <subfield code="r">2013-01-07 00:00:00</subfield>
    <subfield code="s">2012-12-18</subfield>
    <subfield code="t">1</subfield>
    <subfield code="v">169.00</subfield>
    <subfield code="w">2009-11-13</subfield>
    <subfield code="y">CF</subfield>
  </datafield>
  <datafield tag="952" ind1=" " ind2=" ">
    <subfield code="0">0</subfield>
    <subfield code="1">0</subfield>
    <subfield code="2">ddc</subfield>
    <subfield code="4">0</subfield>
    <subfield code="7">0</subfield>
    <subfield code="a">VP</subfield>
    <subfield code="b">VP</subfield>
    <subfield code="d">2009-11-13</subfield>
    <subfield code="e">Pioneers/885/29-10-09/325/13-10-09 /06-11-09 </subfield>
    <subfield code="g">169.00</subfield>
    <subfield code="l">9</subfield>
    <subfield code="m">1</subfield>
    <subfield code="o">DVD DOBI</subfield>
    <subfield code="p">DVD-004560</subfield>
    <subfield code="r">2014-04-23 00:00:00</subfield>
    <subfield code="s">2014-04-09</subfield>
    <subfield code="t">1</subfield>
    <subfield code="v">169.00</subfield>
    <subfield code="w">2009-11-13</subfield>
    <subfield code="y">CF</subfield>
  </datafield>
</record>
